000 00475nam a2200169 a 4500
001 0000-9084
003 ELIB.Books
008 110520 1963
035 _a(ELIB.Books)0000-9233
082 _a225.7
_bTas
100 _aTasker, R. V. G.
245 _aTyndale (The Second Epistle of Paul to the Corinthians)
260 _bGrand Rapids: Wm. B. Eerdmans Publishing Co.
_c1963
650 _aCommentaries
942 _2ddc
_cBK
998 _cbat
_e2011-05-20
999 _c9084
_d9084